000 00250nam a22001097a 4500
999 _c260596
_d260595
020 _a059063917-X
100 _aBarbara Park
245 _aJunnie B. Jones Is A Party Animals
260 _aNew York
_bScholastic
_c1997
300 _a71 pgs
942 _cBK